| 000 | 00545nam a2200121Ia 4500 | ||
|---|---|---|---|
| 008 | 220616s9999||||xx |||||||||||||| ||und|| | ||
| 100 | _aAbhijit Ray||Ranjan K. Pati||Indrajit Mukhopadhyay | ||
| 245 | 0 | _aElectrocatalysts for Fuel Cells and Hydrogen Evolution - Theory to Design | |
| 546 | _aEnglish[eng] | ||
| 650 | _aPhysical Sciences||Engineering and Technology||Chemistry||Physical Chemistry||Electrochemistry | ||
| 856 | _uhttps://www.intechopen.com/books/electrocatalysts-for-fuel-cells-and-hydrogen-evolution-theory-to-design | ||
| 942 | _cEB | ||
| 999 |
_c20692 _d20692 |
||